La costa nostra (Registro nro. 17841)

Detalles MARC
000 -LDR (LÍDER)
Campo de control de longitud fija 01976nam a2200337 a 4500
003 - IDENTIFICADOR DEL NÚMERO DE CONTROL
Campo de control CO-PeBPR
005 - FECHA Y HORA DE LA ÚLTIMA TRANSACCIÓN
Campo de control 20260501132918.0
008 - ELEMENTOS DE DATOS DE LONGITUD FIJA--INFORMACIÓN GENERAL
Campo de control de longitud fija 260415e2024 ck a|||| n||| 00| 0 spa c
020 ## - Código Internacional normalizado para libros
Código Internacional normalizado para libros 9786287589551
040 0# - FUENTE DE CATALOGACIÓN
Agencia catalogadora original CO-PeBPR
Idioma de la agencia catalogadora spa
Agencia que transcribe CO-PeBPR
Norma para la descripción rda
041 0# - Código del Idioma
Código idioma del recurso original spa
082 04 - NÚMERO DE CLASIFICACIÓN DECIMAL DEWEY
Número de clasificación 364.1323 A676c
100 1# - ASIENTO PRINCIPAL--NOMBRE PERSONAL
Nombre personal Ardila Arrieta, Laura
Términos de relación autora
245 10 - MENCIÓN DE TÍTULO
Título propiamente dicho La costa nostra
Subtítulo o título paralelo : La historia de los Char, el clan político más poderoso de Colombia
Mención de responsabilidad / Laura Ardila Arrieta
250 10 - MENCIÓN DE EDICIÓN
Mención de edición Edición especial
264 #1 - Área de la Producción Publicación, Distribución, Manufactura, etc.
Lugar de publicación, distribución, etc. Bogotá, Colombia
Nombre de la editorial, distribuidor, etc. : Rey Naranjo
Fecha de publicación, distribución, etc. , 2024
300 ## - DESCRIPCIÓN FÍSICA
Extensión 217 páginas
Dimensiones ; 23 centímetros
336 ## - Tipo de Contenido
Tipo de contenido texto
Código de tipo de contenido txt
Fuente rdacontenido
337 ## - Tipo de Medio
Tipo de Medio sin mediación
Código de tipo de medio n
Fuente rdamedio
338 ## - Tipo de Soporte
Tipo de soporte volumen
Código de tipo de soporte nc
Fuente rdasoporte
500 ## - NOTA GENERAL
Nota general Incluye índice.
520 ## - NOTA DE RESUMEN, ETC.
Nota de sumario El periodismo y la edición independiente se unen para contar la historia de un imperio que nació con una promesa de cambio. Esta es una historia de casi cien años y una obsesión periodística de ocho. La historia es de los Char desde que llegaron a la población de Lorica, en la costa atlántica, y ayudaron a construir el Caribe árabe, hasta la hegemonía de Álex Char en la Alcaldía de Barranquilla. La obsesión periodística es la que ha llevado a Laura Ardila Arrieta a narrar incansablemente las movidas del poder, a pesar de las intimidaciones que ha sufrido por su trabajo y del control que los poderosos intentan ejercer sobre la información que de ellos circula. la costa nostra es el triunfo del derecho a la libre expresión y la derrota de la censura...Tomado de la contracubierta del libro.
521 ## - NOTA DE AUDIENCIA
Nota de audiencia Recomendado para jóvenes y adultos.
586 ## - NOTA DE PREMIOS
Nota de adjudicación Premio Nacional de Periodismo Simón Bolívar.
650 14 - ASIENTO SECUNDARIO DE MATERIA - TÉRMINO TEMÁTICO
Fuente del encabezado o término LEMB
Encabezamiento temático Corrupción política
Subdivisión geográfica Colombia
650 14 - ASIENTO SECUNDARIO DE MATERIA - TÉRMINO TEMÁTICO
Fuente del encabezado o término LEMB
Encabezamiento temático Clientelismo político
Subdivisión geográfica Colombia
650 14 - ASIENTO SECUNDARIO DE MATERIA - TÉRMINO TEMÁTICO
Fuente del encabezado o término LEMB
Encabezamiento temático Delitos políticos
Subdivisión geográfica Colombia
650 14 - ASIENTO SECUNDARIO DE MATERIA - TÉRMINO TEMÁTICO
Fuente del encabezado o término LEMB
Encabezamiento temático Periodismo investigativo
650 14 - ASIENTO SECUNDARIO DE MATERIA - TÉRMINO TEMÁTICO
Fuente del encabezado o término LEMB
Encabezamiento temático Participación política
942 ## - ENTRADA DE ELEMENTOS AGREGADOS (KOHA
Fuente de clasificación o esquema de estantería. Dewey Decimal Classification
Tipo de ítem Libro
Existencias
Estado de pérdida Fuente del sistema de clasificación o colocación Estado de daño No disponible para préstamo Colección Biblioteca de origen Biblioteca actual Ubicación en estantería Signatura topográfica completa Ejemplar Código de barras Tipo de ítem Fecha de adquisición Fuente de adquisición Total de pagos Fecha de la última vez visto
  Dewey Decimal Classification     General Sala de Patrimonio Bibliográfico y Documental - Biblioteca Departamental Sala de Patrimonio Bibliográfico y Documental - Biblioteca Departamental Área General 364.1323 A676c Ej.1 RIBPD16046 Libro 01/05/2026 Dotación MinCultura y BNC   01/05/2026